00473nam a22001577a 450000500170000001000150001702000250003203500140005703700130007108200080008410000210009224500650011326000350017827000500021330000520026320220310153247.0 aENG-131936 a978184651256c200.00 aEN-115468 bDBAD/PUB a100 aPadmanaban, A.M. aFinger print The Universal Religion Of God/cA.M. Padmanabad aChennaibA.M. Padmanabanc2008 aTamilnadu Finger print BueaubChennaie600004 axix, 204p.bConclusion, Bibliographyc21cm(pbk)